1749 1464 1644 1816 1227 1435 1171 1351 1036 1731 1046 1271 1602 1057 1071 1668 1142 1471 1147 1358 1125 1158 1435 1001 1850 1984 1619 1306 1426 1221 1377 1317 1021 1306 1075 1544 1456 1497 1212 1363 1231 1958 1601 1071 1627 1523 1182 1523 1630 1372 1492 1905 1619 1839 1900 1892 1548 1983 1112 1174 1347 1743 1539 1733 1094 1873 1021 1535 1179 1470 1576 1210 1211 1271 1247 1063 1143 1123 1072 1850 1961 1754 1500 1623 1662 1759 1455 1361 1161 1992 1078 1002 1862 1904 1982 1101 1477 1925 1143 BCNSPRNW ULIB Ver.6.0+V

เปลี่ยนเป็นภาษาไทย

Change to English
 แสดงรายละเอียดบรรณานุกรม
  กลับหน้าหลัก

Brief Record : Get Marc (ISO 2709) : E-mail record : QR code < ปิดหน้าต่าง
LEADER : 00000nam 2200000uu 4500
001    13399110999
003     ULIB
008    110614s||||||||th 000 0 tha d
020    9789747246094(ล.4)
050 04 AC159^bภ375ค ล.4 2550
100 0  ภัทราพร สังข์พวงทอง
245 10 ความรู้นอกกะลา 4 (พลังงาน) /^cภัทราพร สังข์พวงทอง
250    พิมพ์ครั้งที่ 1
260    กรุงเทพฯ :^bพิมพ์บูรพา,^c2550
300    [126] หน้า :^bภาพประกอบ
650  7 ความรู้ทั่วไป
650  7 ทรัพยากรณ์ธรรมชาติ
650  7 พลังงาน
650  7 น้ำมัน
945    ^p200^l0^i022959
995    ทศพร
999 ^a ใช้งานได้ทุกระบบ
รายการนี้ยังไม่มีแท็ก
คุณยังไม่ได้ล็อกอิน คุณสามารถมีกิจกรรมร่วมกับเว็บไซต์ได้ แต่ต้องล็อกอินก่อน ::
  ล็อกอิน

รายการสื่อสารสนเทศ

ลำดับที่ ประเภท เลขเรียก/บาร์โค้ด สถานที่ สถานะ
- ไม่พบข้อมูล -

รายการใกล้เคียง
    ผู้แต่ง [ภัทราพร สังข์พวงทอง]

    หัวเรื่อง [ความรู้ทั่วไป]
    หัวเรื่อง [ทรัพยากรณ์ธรรมชาติ]
    หัวเรื่อง [พลังงาน]
    หัวเรื่อง [น้ำมัน]

BibComment


ยังไม่เคยถูกคอมเมนท์

คอมเมนท์ทรัพยากรรายการนี้
  คอมเมนท์: ความรู้นอกกะลา 4 ..


 Copyright 2026. Bcnsprnw @Library